000 00529nam a2200217Ia 4500
003 OSt
005 20220924132221.0
006 a|||||r|||| 00| 0
007 ta
008 220923b |||||||| |||| 00| 0 san d
024 _a35976
037 _cTextual
040 _aARTS
_cARTS
_bsan
041 _2san
_asan
082 _aQ125:4x6:1, 15F6
245 0 _aMarichi samhita
_b vimanarchanakalap
260 _c1926
650 _aRELIGION
942 _hQ125:4x6:1, 15F6
_cTEXL
_2CC
999 _c429630
_d429630